Rozvoj programátorských zručností pomocou techník kreatívneho písania
Gespeichert in:
| 1. Verfasser: | |
|---|---|
| Weitere Verfasser: | |
| Format: | Manuskript Buch |
| Sprache: | Slowakisch |
| Veröffentlicht: |
2025
|
| Schlagworte: | |
| Online-Zugang: | http://is.stuba.sk/zp/portal_zp.pl?podrobnosti=183614 |
| Tags: |
Keine Tags, Fügen Sie das erste Tag hinzu!
|
MARC
| LEADER | 00000ntm a22000003a 4500 | ||
|---|---|---|---|
| 001 | stuzp105803 | ||
| 003 | SK-STU | ||
| 005 | 20250607211651.2 | ||
| 007 | ta | ||
| 008 | 150427s2015----xo-----f-mn---000-0-slo-d | ||
| 040 | |a STU |b slo | ||
| 041 | 0 | |a slo | |
| 100 | 1 | |a Suja, Samuel |u 070200 |4 aut |U FIIT Fakulta informatiky a informačných technológií |T FIIT Ústav informatiky, informačných systémov a softvérového inžinierstva |X 111700 |U I200 |Y 179 |7 111700 | |
| 242 | 0 | 1 | |a Developing Programming Skills using Creative Writing Techniques |y eng |
| 245 | 1 | 0 | |a Rozvoj programátorských zručností pomocou techník kreatívneho písania |
| 260 | |c 2025 | ||
| 650 | 4 | |a developing programming skills |2 eng | |
| 650 | 4 | |a creative writing techniques |2 eng | |
| 650 | 4 | |a creative writing |2 eng | |
| 650 | 4 | |a programming |2 eng | |
| 650 | 4 | |a rozvoj programátorských zručností |2 slo | |
| 650 | 4 | |a programovanie |2 slo | |
| 650 | 4 | |a techniky kreatívneho písania |2 slo | |
| 650 | 4 | |a kreatívne písanie |2 slo | |
| 700 | 1 | |a Vranić, Valentino |4 ths |X 4235 |7 4235 | |
| 856 | 4 | |u http://is.stuba.sk/zp/portal_zp.pl?podrobnosti=183614 | |